000 01706nam a2200241Ia 4500
999 _c49422
_d49422
001 16345
003 GE_BSU
005 20211214134826.0
008 181216s2002||||ge |||||||||||||| ||geo||
020 _a9992869127
040 _cGE_BSU
041 _ageo
080 _a342.4(100) ს-17
245 _aსაზღვარგარეთის ქვეყნების კონსტიტუციური სამართალი :
_b [დამხმარე სახელმძღვანელო]. კრ. 2 : [ავსტრია, ეგვიპტე, ინდოეთი, ირანი, ისრაელი, პოლონეთი, პორტუგალია, საბერძნეთი, შვედეთი, შვეიცარია] /
_c ავტ. კოლ. ხელმძღვ. და პმგ რედ.: ოთარ მელქაძე ; მსოფლიო პარლამენტარიზმის კვლევითი ცენტრი.
264 _aთბილისი :
_bმერანი,
_c2002.
300 _a254 გვ.;
_b20 სმ.
490 _aპოლიტიკურ-სამართლებრივი ლიტ. სერია ;
_v წ. VIII
653 _aსამართალი
653 _aსაზღვარგარეთის ქვეყნების კონსტიტუციური სამართალი
700 _aმელქაძე, ოთარ
_eავტორი, რედაქტორი.
_913288
710 _aმსოფლიო პარლამენტარიზმის კვლევითი ცენტრი
_92952
942 _cBK
_2udc